000 00357nam a2200121Ia 4500
008 220214s9999 xx 000 0 und d
100 _aPandey K K
245 0 _aGenetic transformation and 'graft-hybridization' in flowering plants
260 _bTheoretical and Applied Genetics
_c1976
300 _a299-302
650 _aGenetic transformation
942 _cRE
999 _c45352
_d45352